00767 a2200205 450000500170000000800410001702000150005804000510007304100080012410000210013224501340015326000410028730000420032865000220037065000320039265000260042470000330045070000320048376500460051520180312141956.0140228s2000 sp a gr|||| 000 j spa d a8426131662 aCO-BoUCMbspacJose A. GerenadDiana Londoño aspa1 aScheffler, Ursel10a¿Quién tiene tiempo para Osito?cUn cuento de Ursel Schffler ; ilustrado por Ulises Wensell ; traducción de Christiane Reyes c2000aBarcelona (España)bJuventud a[28] páginasbilustraciones a color 7aCuentos alemanes  7aLiteratura infantil alemana 7aOsos en la literatura1 aReyes, Christianeetraductor1 aWensell, Uliseseilustrador t¡Wer hat zeit für den kleinen bären?